00572nam a22001937a 4500999001900000005001700019010001500036020001100051035001400062037001300076082001100089100001400100245007300114260003600187270008500223300002900308700002000337942002100357 c176025d17602520201019160805.0 aENG-128583 c115.00 aEN-112115 bDBAD/PUB a115.00 aAshok, A. aTribes of India (Volume 1)/cby Dr. A. Ashok and Dr. P.V. Lakshmaiah aHyderabadbTelugu Akademic2018 aTelugu Akademi Himayatnagar HyderabadbHyderabade500029minfo@teluguacademy.net a284p.c24cm(pbk)bTables aLakshmaiah, P.V 2ddccENh307.772